000 00429nam a2200181Ia 4500
001 8101
005 20260306160544.0
008 260306t2017||||xx |||||||||||||| ||spa||
041 _aESP
082 _a370.1
_bR86
100 _aRousseau, Jean-Jacques
_eAUT
245 0 _aProyecto y memoria de educación
260 _c2017
300 _a188 páginas :
_c24 cm.
650 _aGEN
654 _aCED
942 _cLIB
_dJUS
_fJUS
_2ddc
_n
999 _c8101
_d8101